00393cam a22001217a 4500008004000000082001700040100001900057245004000076260003900116300000900155999001900164952008800183180718b2008 xxu||||| |||| 00| 0 eng d aBA27x54 B489 aAmbedker, B.R. aSuddron kee khoujcby B.R. Ambedker aNagpurbPrograsive Publisherc2008 a86p. c438939d438939 00104070aIIPAbIIPAd2010-04-20oBA27x54 B489p81833r2018-07-21w2018-07-21yBK